00731nam a2200205 a 450000500170000000800410001702000180005805000230007610000230009924500720012226000330019430000210022750000190024852100090026765000420027665000440031894200170036299900170037995201290039620140310183220.0030923s19uu xx 00 eng d a9780324040975 aKF 915b.L386 2003 aDimatteo, Larry A. aThe law of international business transaction /cLarry A. Dimatteo. aAustralia :bThomson,c2003. a256 p. :c26 cm. aIncludes Index aBSBA aExport sales contractsxUnited States aForeign trade regulationxUnited states cBK2lcckFOR c20305d20305 00102lcc40aCLbCLcGCd2003-09-23eGOODWILLg3060.00l0oKF 915 .L386 2003pC4071r2018-05-15 00:00:00t1w2013-10-10yBK